000 02632nam0a2200373 4500
001 RU\NLR\BIBL_A\016256365
005 20230124093154.0
010 _a978-5-00081-477-2
_9300
021 _aRU
_bКН-П-22-087100
_9КН-П-22-7717
035 _a(NLR Aleph) 016256365
035 _a(RuMoRGB)011447965
090 _a12843310
_c12843310
100 _a20230112d2022 u y0rusy50 ca
101 0 _arus
102 _aRU
105 _aa j 000zy
181 0 _ai
_baxxe
182 0 _an
200 1 _aУправление рисками и внутренний контроль в организации
_eучебное пособие
_eдля студентов направления подготовки 38.04.01 Экономика, программа подготовка "Финансовые расследования в организации"
_fБ. Б. Токаева
_gМинистерство науки и высшего образования Российской Федерации, Федеральное государственное бюджетное образовательное учреждение высшего образования "Северо-Осетинский государственный университет имени Коста Левновича Хетагурова"
203 _aТекст
_bвизуальный
_cнепосредственный
210 _aВладикавказ
_cФГБОУ ВО "Северо-Осетинский государственный университет имени Коста Левновича Хетагурова"
_d2022
215 _a86 с.
_cил., табл.
_d20
320 _aБиблиогр.: с. 84-85 (29 назв.)
606 1 _aРиск (экон.)
_xУправление
_jУчебные издания для высших учебных заведений
_2nlr_sh1
_2nlr_sh2
_3RU\NLR\AUTH\661254863
606 1 _aПредприятия
_xВнутренний контроль
_jУчебные издания для высших учебных заведений
_2nlr_sh1
_2nlr_sh2
_3RU\NLR\AUTH\661312121
606 1 _aОрганизации
_xУправление
_jУчебные издания для высших учебных заведений
_2nlr_sh1
_2nlr_sh2
_3RU\NLR\AUTH\661257382
686 1 _aУ21(2)03(2Р)я73
686 1 _aУ052.9(2)229-218(2Р)я73
686 1 _aУ21(2)24(2Р)я73
700 1 _aТокаева
_bБ. Б.
_gБелла Батразовна
_3RU\NLR\AUTH\770219437
942 _cBOOK
980 _aNB